| 000 | 01317nam a2200361 i 4500 | ||
|---|---|---|---|
| 005 | 20260421155839.0 | ||
| 008 | 260421t20252022my a gr 000 pbmay d | ||
| 020 |
_a9789673699407 _cRM25.00 _qpaperback |
||
| 040 |
_aPPAK _beng _cPPAK _erda |
||
| 041 | 1 |
_amay _hind |
|
| 082 | 0 | 4 |
_223 _a899.2211 |
| 090 | 0 | 0 |
_a899.2211 _bKHO _dG |
| 100 | 0 |
_aKhoirul Trian, _eauthor. |
|
| 245 | 1 | 0 |
_aDARI AKU YANG HAMPIR MENYERAH / _cKHOIRUL TRIAN ; Sidang Editorial Ikram Wazir, Puteri Balqis, Zalila Isa, Haryanti Yahaya, Fareed Akmal, Farizun, Zaidi. |
| 250 | _aEdisi Bahasa Melayu | ||
| 264 | 1 |
_aBatu Caves, Selangor : _bPUTEH PRESS Imprint Open Bridge Publication Sdn. Bhd., _c2025 |
|
| 264 | 4 | _c©2022 | |
| 300 |
_aviii, 158 pages : _billustrations ; _c21 cm |
||
| 336 |
_atext _2rdacontent |
||
| 337 |
_aunmediated _2rdamedia |
||
| 338 |
_avolume _2rdacarrier |
||
| 546 | _aText in Malay, translated from Indonesian. | ||
| 650 | 1 | 0 | _aProse poems, Indonesian |
| 650 | 2 | 0 | _aIndonesian prose literature |
| 700 | 0 |
_aIkram Wazir, _eeditor. |
|
| 700 | 0 |
_aPuteri Balqis, _eeditor. |
|
| 700 | 0 |
_aZalila Isa, _eeditor. |
|
| 700 | 0 |
_aHaryanti Yahaya, _eeditor. |
|
| 700 | 0 |
_aFareed Akmal, _eeditor. |
|
| 700 | 0 |
_aFarizun, _eeditor. |
|
| 700 | 0 |
_aZaidi, _eeditor. |
|
| 942 |
_2ddc _cB |
||
| 999 |
_c203963 _d203963 |
||